LIBRARY & INFORMATION CENTRE, KCAET, TAVANUR

ONLINE PUBLIC ACCESS CATALOGUE (OPAC)

Light / (Record no. 1753)

MARC details
000 -LEADER
fixed length control field 00407cam a2200181ua 4500
041 ## - LANGUAGE CODE
Language code of text/sound track or separate title eng
082 ## - DEWEY DECIMAL CLASSIFICATION NUMBER
Classification number 535
Item number DAV/LI
100 ## - MAIN ENTRY--AUTHOR NAME
Personal name Davies, W.G .
245 ## - TITLE STATEMENT
Title Light /
250 ## - EDITION STATEMENT
Edition statement 1 /
260 ## - PUBLICATION, DISTRIBUTION, ETC. (IMPRINT)
Place of publication :
Name of publisher Blackie & Son Ltd ,
Year of publication 1963.
300 ## - PHYSICAL DESCRIPTION
Number of Pages 231 :
Other physical details ` ; .
942 ## - ADDED ENTRY ELEMENTS (KOHA)
Koha item type Books
Holdings
Withdrawn status Lost status Damaged status Home library Current library Date acquired Full call number Accession Number Koha item type Cost, normal purchase price
      KAUAET KAUAET 07/04/2012 535 DAV/LI 11112 Books  
Withdrawn Lost and Paid For   KAUAET KAUAET 24/06/2020 535 7394 Books 5.50
free website counter